000
00206nam a2200073Ia 4500
008
170817s9999 xx 000 0 und d
100
_a
SHARMA S.N.
245
0
_a
Manovigyan Avam Shiksha Mein Prayog + Prikchan
260
_b
H. P. BHARGAVA AGRA
999
_c
39755
_d
39755